Sudden Death-Simultaneous Number 1 Songs in the USA and UK - Statistics

General Stats
  • This quiz has been taken 32 times
  • The average score is 2 of 17
Answers on the Grid
Answers color-coded by a green-red scale on the quiz's grid according to % correct below.
All I Want for Christmas is You - Mariah Carey
Take on me - A-ha
Happy - Pharrell Williams
Thriller - Michael Jackson
Anti-hero - Taylor Swift
Single Ladies (Put a Ring on it) - Beyonce
Watermelon Sugar - Harry Styles
Texas Hold "Em - Beyonce
Shape of You - Ed Sheeran
Rehab - Amy Winehouse
Blinding Lights - The Weeknd
Shallow - Lady Gaga and Bradley Cooper
Bridge Over Troubled Water - Simon and Garfunkel
Three Times a Lady - The Commodores
Vampire - Olivia Rodrigo
Mmm Bop - Hanson
I Just Called to Say I Love You - Stevie Wonder
Jailhouse Rock - Elvis Presley
Mack the Knife - Bobby Darin
These Boots Are Made for Walking - Nancy Sinatra
I Got You Babe - Sonny and Cher
Running Up That Hill - Kate Bush
Macarena - Los del Rio
Down Under - Men at Work
Thinking Out Loud - Ed Sheeran
We Are the World - USA for Africa
Do They Know It's Christmas - Band Aid
Tie a Yellow Ribbon 'Round the Old Oak Tree - Tony Orlando and Dawn
Umbrella - Rihanna
Defying Gravity - Cynthia Erivo and Ariana Grande
 
Answer Stats
Answer % Correct
All I Want for Christmas is You - Mariah Carey
63%
Happy - Pharrell Williams
25%
Anti-hero - Taylor Swift
13%
Blinding Lights - The Weeknd
13%
Bridge Over Troubled Water - Simon and Garfunkel
13%
Down Under - Men at Work
13%
I Just Called to Say I Love You - Stevie Wonder
13%
Shape of You - Ed Sheeran
13%
Umbrella - Rihanna
13%
I Got You Babe - Sonny and Cher
0%
Mack the Knife - Bobby Darin
0%
Mmm Bop - Hanson
0%
Texas Hold "Em - Beyonce
0%
These Boots Are Made for Walking - Nancy Sinatra
0%
Three Times a Lady - The Commodores
0%
Tie a Yellow Ribbon 'Round the Old Oak Tree - Tony Orlando and Dawn
0%
We Are the World - USA for Africa
0%
No matching quizzes found
Score Distribution
Percent of People with Each Score
Percentile by Number Answered
Your Score History
You have not taken this quiz